000 00330nam a2200145Ia 4500
005 20251222143235.0
008 251222s9999||||xx |||||||||||||| ||spa||
020 _a84-220-1193-X
082 _a230/R27
100 _aRatzinger, Joseph
245 0 _aInforme sobre la Fe
250 _a8a.ed.
264 _bCatólica
942 _cLIB
999 _c14366
_d14366